LEADER 00724nam a2200193 i 4500 001 000000218166 003 CaOOAMICUS 005 20130117000000.0 008 130117s1733 xx u000 u fre u 013 $a197063 026 $a55nt t,us t.rs hodo (3) 1733 (R) 040 $aSeMil$bita 245 10$a2. 300 $aviii, 375, [1] p. 500 $aSegn. : a4 A-P12 Q8. 773 0 $aNicole, Pierre <1625-1695>$tEssais de morale contenus en divers traites sur plusieurs devoirs importans. Premier (-huitième) volume.$dA Paris : Chez Guillaume Desprez, 1733.$g2$w()27501 850 $aSeMil 852 $aSeMil$W1$xVenegono$y1$m2F I 38 FA$j168579$B168579$CSeMilBibl$Z2$F179452 $8I 996 $6245$a2$9(OLS)http://semarc/title/46889 LEADER 01451nam a2200301 i 4500 001 000000225584 003 CaOOAMICUS 005 20131211000000.0 008 131211s2002 it u000 u ita u 013 $a204486 020 $a88-85351-28-X 040 $aSeMil$bita 100 1 $aBernardi, Gianni.$0(OLS)http://semarc/name/78372 245 13$aIl patriarca Roncalli e le sue fonti /$cGianni Bernardi, Bruno Bertoli, Loris Francesco Capovilla. 260 $aVenezia :$bStudium Cattolico Veneziano,$c2002. 300 $a191 p., [16] c. di tav. :$bill. ;$c24 cm. 490 0 $aFigure della Chiesa di Venezia 600 04$aGiovanni XXIII .$0(OLS)http://semarc/subject/3422 600 14$aRoncalli, Angelo Giuseppe .$0(OLS)http://semarc/subject/36734 700 1 $aBertoli, Bruno <1928-2011>.$0(OLS)http://semarc/name/18808 700 1 $aCapovilla, Loris Francesco,$c.$0(OLS)http://semarc/name/7915 830 0$aFigure della Chiesa di Venezia.$0(OLS)http://semarc/title/39673 850 $aSeMil 852 $aSeMil$W1$xVenegono$y1$m3A IV 295$j175930$B175930$CSeMilBibl$Z2$F187018 $81 961 $aOmaggio: Martinelli don Romano 996 $6020$a88-85351-28-X$9(OLS)http://semarc/number/226506 996 $6245$aIl patriarca Roncalli e le sue fonti$9(OLS)http://semarc/title/323137 996 $6260$aVenezia :$bStudium Cattolico Veneziano$9(OLS)http://semarc/publisher/35927